Böhmen-Mähren Hand- und Wanderkarte = Čechy-Morava : příruční a cestovní mapa /

Main Author: Havránek, Jan, kartograf
Corporate Author: Edvard Fastr (nakladatelství)
Other Authors: Průmyslová tiskárna v Praze
Language: German
Czech
Published: Prag : Edvard Fastr, 1943
Physical Description: 1 mapa : barev. ; 56 x 97 cm, na listu 60 x 100 cm
Language note: Souběžný německý a český text
Map
Saved in:
LEADER 01720nem a2200421 a 4500
001 000370486
003 CZ BrMZK
005 20140505132718.0
007 aj canzn
008 010907s1943 xr g a 0 ger d
015 |a cnb001079074 
034 1 |a a  |b 500000  |d E0120500  |e E0185100  |f N0510300  |g N0483100 
035 |a (OCoLC)85680891 
040 |a ABA001  |b cze  |c ABA001  |d ABA001  |d BOA001 
041 0 |a ger  |a cze 
043 |a e-xr--- 
072 7 |a 656  |x Doprava  |2 Konspekt  |9 4 
072 7 |a 912  |x Mapy. Atlasy. Glóby  |2 Konspekt  |9 7 
080 |a 656  |2 MRF 
080 |a 913(437.3)  |2 MRF 
080 |a (084.3)  |2 MRF 
100 1 |a Havránek, Jan,  |c kartograf  |4 ctg 
245 1 0 |a Böhmen-Mähren  |h [kartografický dokument] :  |b Hand- und Wanderkarte = Čechy-Morava : příruční a cestovní mapa /  |c gezeichnet v. J. Havránek 
246 3 1 |a Čechy-Morava 
255 |a Měřítko 1:500 000  |c (12°05´00" v.d.--18°51´00" v.d./51°03´00" s.š.--48°31´00" s.š.) 
260 |a Prag :  |b Edvard Fastr,  |c 1943  |f (Industrie-Druckerei) 
300 |a 1 mapa :  |b barev. ;  |c 56 x 97 cm, na listu 60 x 100 cm 
500 |a Ve výřezu plán středu Prahy 
500 |a Provenience: C. Winiker. Buch-, Kunst u. Musikalienhandel. Brünn. Rennergasse 2 (razítko)  |5 CZ-BrMZK 
546 |a Souběžný německý a český text 
655 7 |a mapy  |7 fd132800  |2 czenas 
651 7 |a Protektorát Čechy a Morava (1939-1945)  |7 ge137396  |2 czenas 
710 2 |a Edvard Fastr (nakladatelství)  |4 pbl 
710 2 |a Průmyslová tiskárna v Praze  |7 kn20100205001  |4 pbl 
910 |a BOA001  |b Skř.9A-0547.120 
990 |a MP 
991 |b 201405 
996 6 |b 2619821229  |c Skř.9A-0547.120  |l MZK  |r Sklad / do 24 hodin  |n 1  |w 000370486  |u 000010  |a 1  |e BOA001  |j MZK50  |s P